000 00536nam a2200181 4500
001 140356
003 ES-MaACL
005 20230906200049.0
007 t|
008 070214s1967 sp r ||||1| spa d
100 1 _aSchwartz, Harry.
_9104868
245 1 3 _aLa economía soviética desde Stalin /
_cHarry Schwartz ; traducción de Jorge Estrada.
250 _a1ª. ed.
260 _aBarcelona :
_bCultura Popular,
_c1967.
300 _a286 p. ;
_c21 cm.
700 1 _aEstrada, Jorge.
_948198
852 _aES-MaACL
_jC-32827
_bR.63456
999 _c140356
_d140356